Normal view
MARC view
Entry Personal Name
001 - CONTROL NUMBER
- control field: 58141
003 - CONTROL NUMBER IDENTIFIER
- control field: dpl
005 - DATE AND TIME OF LATEST TRANSACTION
- control field: 20231102114323.0
008 - FIXED-LENGTH DATA ELEMENTS
- fixed length control field: 231102|| aca||aabn | a|a d
040 ## - CATALOGING SOURCE
- Original cataloging agency: dpl
- Transcribing agency: dpl
100 ## - HEADING--PERSONAL NAME
- Personal name: करचाम,तुलसी
670 ## - SOURCE DATA FOUND
- Source citation: Work cat.: (dpl)198933: करचाम,तुलसी , गोंड जनजीवन और संस्कृति /, 2018
